Sinh học : (Dịch theo sách xuất bản lần thứ tám)
Nội dung sách giới thiệu về hóa học sự sống, tế bào, di truyền học, các cơ thể tiến hóa, lịch sử tiến hóa của đa dang sinh học, hình thái và chức năng của thực vật, sinh thái học.
保存先:
| フォーマット: | 図書 |
|---|---|
| 言語: | Undetermined |
| 出版事項: |
Hà Nội
Giáo dục Việt Nam
2017
|
| 主題: | |
| タグ: |
タグ追加
タグなし, このレコードへの初めてのタグを付けませんか!
|
| Thư viện lưu trữ: | Trung tâm Học liệu Trường Đại học Cần Thơ |
|---|
| LEADER | 00896nam a2200205Ia 4500 | ||
|---|---|---|---|
| 001 | CTU_227130 | ||
| 008 | 210402s9999 xx 000 0 und d | ||
| 020 | |c 1750000 | ||
| 082 | |a 570 | ||
| 082 | |b S312 | ||
| 245 | 0 | |a Sinh học : | |
| 245 | 0 | |b (Dịch theo sách xuất bản lần thứ tám) | |
| 245 | 0 | |c Neil A. Campbell... [et al.] ; Người dịch: Trần Hải Anh... [et al.] | |
| 260 | |a Hà Nội | ||
| 260 | |b Giáo dục Việt Nam | ||
| 260 | |c 2017 | ||
| 520 | |a Nội dung sách giới thiệu về hóa học sự sống, tế bào, di truyền học, các cơ thể tiến hóa, lịch sử tiến hóa của đa dang sinh học, hình thái và chức năng của thực vật, sinh thái học. | ||
| 650 | |a Sinh học,Biology | ||
| 910 | |b dqhieu | ||
| 980 | |a Trung tâm Học liệu Trường Đại học Cần Thơ | ||